| 000 | 00629nam a22002057a 4500 | ||
|---|---|---|---|
| 999 |
_c10862 _d10862 |
||
| 003 | AR-CdUCM | ||
| 008 | 190402b ||||| |||| 00| 0 spa d | ||
| 040 |
_aMUNICIPALIDAD PROVINCIAL DEL CUSCO _cBIBLIOTECA MUNICIPAL DEL CUSCO |
||
| 082 |
_aEP / 461.1 / _bAB12 |
||
| 110 |
_aEditorial Navarrete _918381 |
||
| 245 | _aABC y Dibujos / | ||
| 260 |
_aLima: _bNavarrete, |
||
| 300 |
_a10 paginas ; _bilustraciones, graficos, dibujos, cuadros, _c31 cm. |
||
| 500 | _aLibro de dibujos | ||
| 650 |
_aDibujos _92628 |
||
| 650 |
_aLibro para pintar _927915 |
||
| 650 |
_aTexto educativo _925832 |
||
| 942 |
_2ddc _cLIBROS |
||
| 945 | _apjha | ||